Η εγγραφή CD/DVD μετά τα βασικά

Saved in:
Bibliographic Details
Other Authors: Δελλάτολας, Ε., Παυλίδης, Λ., Οικονόμου, Γ.
Format: Book
Language:Greek
Published: [Αθήνα] : 4π Ειδικές Εκδόσεις Α.Ε., 2009
Series:Ο οδηγός του μέσου χρήστη ; ; 4
Subjects:
Tags: Add Tag
No Tags, Be the first to tag this record!

MARC

LEADER 00000cam a2200000 i 4500
001 1/104912
008 090511s2009 gre d
035 |l 10104613 
040 |a GR-MY-UA  |b gre  |e aacr 
041 0 |a gre 
082 0 |a 005.36  |2 (22) 
245 1 2 |a Η εγγραφή CD/DVD μετά τα βασικά /  |c [κείμενα: Ε.Δελλάτολα, Γ. Οικονόμου, Λ. Παυλίδης] 
260 |a [Αθήνα] :   |b 4π Ειδικές Εκδόσεις Α.Ε.,   |c 2009 
300 |a 112 σ.;  |b έγχρ. εικ.;  |c 21 εκ. 
490 1 |a Ο οδηγός του μέσου χρήστη  |v ; 4 
500 |a Μουσική - Video - Φωτογραφίες - Δεδομένα - Backup: απλές, εικονογραφημένες συμβουλές βήμα προς βήμα για σας που δεν είστε ούτε αρχάριοι ούτε power users 
500 |a Διανέμεται με το RAM Απριλίου 2009 
650 0 0 |a Video recording. 
650 0 0 |a DVD-Video discs  |x Authoring programs. 
700 1 |a Δελλάτολας, Ε. 
700 1 |a Παυλίδης, Λ. 
700 1 |a Οικονόμου, Γ. 
830 0 |a Ο οδηγός του μέσου χρήστη ;  |v ; 4 
852 |a INST  |b CHIOS  |e 20090525  |h 005.36 ΕΓΓ  |p 005200030308  |q 005200030308  |t BK  |y 0 
852 |a INST  |b LESVOS  |e 20090511  |h 005.36 ΕΓΓ  |p 005100045448  |q 005100045448  |t BK  |y 0 
901 |a BIBL1-2009-2 
901 |a BIBL2-2009-2 
909 |a Λ  |b 132710 
909 |a Χ  |b 147353 
970 |a ΤΖΑΦΕΡΗ  |b ΕΥΑΓΓΕΛΙΑ  |z 2009/05/11